Zákon o odpadoch

Úplné znenie zákona o odpadoch s komentárom.

Na minha lista:
Detalhes bibliográficos
Autor principal: Bonek, Martin
Formato: Capítulo de Livro
Idioma:eslovaco
Assuntos:
Tags: Adicionar Tag
Sem tags, seja o primeiro a adicionar uma tag!

MARC

LEADER 00000naa a2200000 4500
001 0254321
005 20190528103002.0
041 0 |a slo 
044 |a SK 
245 1 0 |a Zákon o odpadoch  |c Martin Bonek 
520 |a Úplné znenie zákona o odpadoch s komentárom. 
610 2 0 |a Slovensko 
610 2 0 |a zákony 
610 2 0 |a novelizácia 
610 2 0 |a komentáre 
610 2 0 |a odpad 
100 1 |a Bonek, Martin